The Norton reader : (Record no. 13829)

000 -LEADER
fixed length control field 00550cam a2200205 a 4500
020 ## - INTERNATIONAL STANDARD BOOK NUMBER
ISBN 039396194X (pbk.)
040 ## - CATALOGING SOURCE
Transcribing agency DLC
082 00 - DEWEY DECIMAL CLASSIFICATION NUMBER
Classification number 808 NOR 1992 A094 Or.
245 04 - TITLE STATEMENT
Title The Norton reader :
Remainder of title an anthology of expository prose /
250 ## - EDITION STATEMENT
Edition statement 8th ed.
260 ## - PUBLICATION, DISTRIBUTION, ETC. (IMPRINT)
Place of publication New York :
Name of publisher Norton,
Year of publication c1992.
300 ## - PHYSICAL DESCRIPTION
Number of Pages xxxii, 1286 p. ;
Dimensions 22 cm.
650 #0 - SUBJECT ADDED ENTRY--TOPICAL TERM
Topical Term College readers.
650 #0 - SUBJECT ADDED ENTRY--TOPICAL TERM
Topical Term English language
650 #0 - SUBJECT ADDED ENTRY--TOPICAL TERM
Topical Term Exposition (Rhetoric)
650 #0 - SUBJECT ADDED ENTRY--TOPICAL TERM
Topical Term Report writing
700 1# - ADDED ENTRY--PERSONAL NAME
Personal name Eastman, Arthur M.
700 1# - ADDED ENTRY--PERSONAL NAME
Personal name Blake, Caesar R.
942 ## - ADDED ENTRY ELEMENTS (KOHA)
Koha item type សៀវភៅភាសាអង់គ្លេស
952 ## - LOCATION AND ITEM INFORMATION (KOHA)
Withdrawn status [LOCAL, KOHA] 0
952 ## - LOCATION AND ITEM INFORMATION (KOHA)
Withdrawn status [LOCAL, KOHA] 0
Holdings
Permanent Location Date acquired Koha item type Lost status Shelving location Barcode Current Location Full call number
Library Block A2017-08-31សៀវភៅភាសាអង់គ្លេស A094A20479Library Block A808 NOR 1992 A094 Or.
Library Block A2017-08-31សៀវភៅភាសាអង់គ្លេស A094A19531Library Block A808 NOR 1992 A094 Or.
មជ្ឈមណ្ឌលឯការនៃសាកលវិទ្យាល័យភូមិន្ទកសិកម្មចំការដូង

Powered by Koha